000 00228nam a2200085Ia 4500
008 200302s9999 xx 000 0 und d
100 _aAuthor
245 _aNational Building code of India Group 5
260 _bBureau of Indian Standards
999 _c3051
_d3051